[Event "86th BRA-ch 2019"]
[Site "Natal"]
[Date "2020.01.10"]
[Round "1.1"]
[White "Diamant, Andre"]
[Black "Ferreira, Vitor Hugo Vieira"]
[Result "1-0"]
[WhiteElo "2547"]
[BlackElo "2123"]
[Annotator "TA"]
[PlyCount "7"]
[EventDate "2020.01.05"]
[EventType "k.o."]
[EventCountry "BRA"]
[SourceTitle "playchess.com"]
[Source "ChessBase"]
[SourceQuality "1"]

{[%evp 7,7,-109]} 1. e4 e5 2. Bc4 Nc6 3. Nf3 Nf6 4. Bf1 $146 ({Predecessor:} 4. Ng5 d5 5. exd5 Na5 6. Bb5+ c6 7. dxc6 bxc6 8. Bd3 Nd5 9. Nf3 Bd6 10. O-O O-O 11. Re1 Re8 12. Nc3 f5 13. Bf1 e4 14. Nd4 Bc5 15. Nb3 Nxb3 16. axb3 {1-0 (32) Aronian,L (2775)-Amin,B (2683) Moscow 2019}) 1-0

[Event "86th BRA-ch 2019"]
[Site "Natal"]
[Date "2020.01.10"]
[Round "1.1"]
[White "Fier, Alexandr"]
[Black "De Oliveira, Victor Gabriel C."]
[Result "1-0"]
[WhiteElo "2528"]
[BlackElo "2146"]
[Annotator "TA"]
[PlyCount "61"]
[EventDate "2020.01.05"]
[EventType "k.o."]
[EventCountry "BRA"]
[SourceTitle "playchess.com"]
[Source "ChessBase"]
[SourceQuality "1"]

{[%evp 14,61,39,39,56,56,54,52,71,66,108,117,122,109,129,122,131,73,83,27,65,10,183,192,255,252,252,246,239,89,62,55,148,148,165,129,174,160,192,60,69,78,205,-624,86,85,156,172,355,218]} 1. e4 c5 2. Nc3 Nc6 3. Bb5 g6 4. Bxc6 dxc6 5. f4 Bg7 6. Nf3 Nf6 7. O-O O-O 8. d3 Qc7 {B21: Sicilian: 2 f4 and Morra Gambit} (8... b5 9. Be3 c4 10. dxc4 b4 11. Na4 Nxe4 12. Qe1 Qa5 13. Bd4 Qxa4 14. Bxg7 Kxg7 15. Qxe4 Bf5 16. Qe5+ {1-0 (57) Bachmann,A (2593)-Hausrath,D (2503) Berlin 2015}) 9. Qe1 b5 $146 ({Predecessor:} 9... Nh5 10. Qh4 Bf6 11. Qf2 Bxc3 12. bxc3 Nxf4 13. Ng5 e5 14. Bxf4 exf4 15. Qxc5 f6 16. Qc4+ {1-0 (51) Bachmann,A (2470)-Stamenkovic,D (2423) Vitoria 2007}) 10. Qh4 b4 {White is slightly better.} 11. Nd1 Bg4 12. Ne3 Bxf3 13. Rxf3 Rad8 14. f5 e6 15. Nc4 (15. fxg6 $142 fxg6 16. Nc4) 15... exf5 $16 16. Bg5 ({White should try} 16. Be3 $16) 16... Ng4 17. Bxd8 (17. Bf4 $1 $14 Be5 18. Nxe5 Nxe5 19. Rh3) 17... Rxd8 $2 (17... Qxd8 $11 {and Black is okay.} 18. Qxd8 Rxd8) 18. exf5 $18 Bd4+ (18... h5 $142 19. fxg6 fxg6) 19. Kh1 h5 20. Re1 {[#] Black must now prevent fxg6.} Bf6 21. Qg3 (21. Qh3 $18 {is the precise move to win.}) 21... Qxg3 $16 22. hxg3 {And now fxg6 would win.} Kg7 (22... g5 $14) 23. fxg6 Kxg6 24. Rf4 Bg5 25. Rff1 Bf6 26. Ne3 ({Better is} 26. Na5 $18) 26... Nxe3 27. Rxe3 Bd4 (27... Bxb2 $16 28. Re7 f6) 28. Kh2 $4 {[%mdl 8192] [#]} (28. Re7 $18) 28... Bxb2 $2 (28... Bxe3 $19 29. b3 Rd6) 29. Re4 Rd7 (29... f6 $142) 30. g4 {Hoping for gxh5+.} Bd4 $2 (30... Rd5 31. Kh3 f6) 31. Kg3 {Accuracy: White = 36%, Black = 25%.} 1-0

[Event "86th BRA-ch 2019"]
[Site "Natal"]
[Date "2020.01.10"]
[Round "1.1"]
[White "Labussiere, Victor"]
[Black "Rocha, Vitor Firmo de Souza"]
[Result "1-0"]
[WhiteElo "2363"]
[BlackElo "2200"]
[Annotator "TA"]
[PlyCount "97"]
[EventDate "2020.01.05"]
[EventType "k.o."]
[EventCountry "BRA"]
[SourceTitle "playchess.com"]
[Source "ChessBase"]
[SourceQuality "1"]

{[%evp 11,97,14,29,16,106,104,102,82,76,69,100,96,138,127,130,137,156,137,149,149,166,154,157,119,131,127,135,122,113,116,129,137,111,112,162,197,179,200,179,181,229,223,238,244,280,240,279,262,271,271,270,269,283,230,423,420,424,422,415,413,414,410,1561,354,410,410,515,515,523,484,854,807,710,629,1255,1183,1587,1350,1218,964,1414,1299,1811,1761,29983,29984,29987,29988]} 1. c4 e6 2. Nf3 Nf6 3. g3 d5 4. d4 dxc4 5. Bg2 a6 6. O-O Nc6 7. Nbd2 {E04: Open Catalan: 5 Nf3} Rb8 $146 (7... b5 $11) ({Predecessor:} 7... b5 8. b3 Rb8 9. Bb2 cxb3 10. Nxb3 Be7 11. Rc1 Bb7 12. Ne1 Na7 13. Bxb7 Rxb7 14. Nd3 O-O {½-½ (41) Vidit,S (2722)-Nakamura,H (2741) Kolkata 2019}) 8. Nxc4 $16 Be7 9. e3 {White is better.} O-O 10. Qe2 Bd7 11. Rd1 Re8 12. e4 Qc8 13. Bf4 Nh5 14. Be3 Nf6 15. Nfe5 b5 {[#] ...Rd8 is the strong threat.} 16. Nd2 {[%cal Bc4d2,Bd2b3,Bb3c5][%mdl 32]} Rd8 17. Rac1 Nxe5 18. dxe5 Ne8 19. Nb3 b4 20. f4 $36 {[%mdl 2048] White has strong initiative.} Bb5 21. Qf2 Rxd1+ 22. Rxd1 a5 23. Bc5 (23. Nxa5 Ra8 $16) 23... Bxc5 24. Nxc5 g6 25. Bf1 a4 26. Qd4 Bxf1 27. Kxf1 ({Resist} 27. Rxf1 $6 Qd8) 27... h5 28. Kf2 a3 29. b3 Rb5 30. Rc1 {[%cal Bd1c1,Bc1c4,Bc4c6][%mdl 32]} c6 31. Nd3 Qb7 32. Rc4 Qb6 $2 {[#]} (32... h4 33. gxh4 (33. Nxb4 c5 $11) (33. Rxb4 hxg3+ 34. hxg3 Rxb4 $18) 33... Qe7) 33. Qxb6 $18 Rxb6 34. Nxb4 Nc7 35. Rxc6 Rxb4 36. Rxc7 Rxe4 {[%mdl 4096] Endgame KR-KR} (36... g5 $142 37. Ke3 gxf4+ 38. gxf4 Rb8) 37. Ra7 $2 (37. Rc8+ Kg7 38. Rc4 Rxc4 39. bxc4) 37... Rd4 {intending ...Rd2+.} 38. Ke3 Rd1 39. Rxa3 h4 40. gxh4 Rh1 (40... Rb1 $142 41. Ra8+ Kg7) 41. Ra8+ Kg7 42. b4 {[%cal Bb3b4,Bb4b5,Bb5b6,Bb6b7][%mdl 32]} Rxh2 43. b5 Kh6 44. a4 Rb2 45. Kf3 Rb1 46. Rb8 Ra1 47. b6 Rxa4 48. b7 Ra3+ 49. Kg4 {Accuracy: White = 73%, Black = 37%.} 1-0

[Event "86th BRA-ch 2019"]
[Site "Natal"]
[Date "2020.01.10"]
[Round "1.1"]
[White "Martins, Vinicius Tine"]
[Black "Zallio, Luciano de Souza"]
[Result "1-0"]
[WhiteElo "2309"]
[BlackElo "2245"]
[Annotator "TA"]
[PlyCount "67"]
[EventDate "2020.01.05"]
[EventType "k.o."]
[EventCountry "BRA"]
[SourceTitle "playchess.com"]
[Source "ChessBase"]
[SourceQuality "1"]

{[%evp 13,67,20,50,-67,-56,-96,-102,-89,-90,-86,-65,-97,-94,-93,-92,-94,-108,-126,-77,-85,-74,-83,-77,-63,-80,-74,-73,-92,-64,-82,-79,-89,-93,-87,-10,-16,4,4,4,2,7,2,2,0,77,82,244,215,243,243,1080,1076,1024,1021,2011,1757]} 1. d4 d5 2. Nf3 e6 3. c4 Nf6 4. g3 dxc4 5. Bg2 c5 6. O-O Nc6 7. Qa4 cxd4 {[#]} 8. Qxc4 {E04: Open Catalan: 5 Nf3} ({White should play} 8. Nxd4 $1 $14 {[%mdl 512]} Qxd4 9. Bxc6+ Bd7 10. Rd1 Bxc6 11. Qxc6+ $1 {[%mdl 512]} bxc6 12. Rxd4) (8. Nxd4 Qxd4 9. Bxc6+ Bd7 10. Rd1 Bxc6 11. Qxc6+ bxc6 12. Rxd4 Nd5 13. Rxc4 Kd7 14. Nd2 Be7 15. Nf3 f6 16. Bd2 Rhb8 17. e4 Nb6 18. Rc2 e5 19. Rd1 Ke8 20. Rxc6 {1-0 (52) Rapport,R (2736)-Turner,M (2524) England 2019}) 8... Be7 $15 9. Rd1 e5 10. e3 {[%cal Re3d4] Black is better.} Bg4 11. h3 $146 ({Predecessor:} 11. exd4 Nxd4 12. Rxd4 exd4 13. Nxd4 O-O 14. Bf4 Rc8 15. Qa4 Nd5 {½-½ (61) Turov,V (2112)-Grigoriev,V (2000) Perm 2010}) 11... Be6 12. Qe2 O-O 13. exd4 exd4 {[#]} 14. Be3 $1 {[%cal Rf3d4][%mdl 512]} Bc5 {[#] aiming for ...Qb6.} (14... dxe3 15. Rxd8) 15. Nc3 $1 {[%mdl 512]} Re8 (15... dxc3 16. Rxd8) 16. Qb5 Bb6 {White must now prevent ...Bd7.} 17. Na4 Bd7 18. Nxb6 axb6 19. Bg5 Ne5 20. Qb4 Ra4 21. Qb3 Nxf3+ 22. Bxf3 h6 23. Bf4 Qa8 (23... g5 $17 24. Bd2 Ne4) 24. Qxb6 $11 Rxa2 (24... Bc6 {keeps more tension.} 25. Bxc6 bxc6 26. Rxd4 Nd5 27. Qc5 Nxf4 28. Rxf4 Rxf4 29. gxf4 Qb8) 25. Rxa2 Qxa2 26. Qxd4 Bc6 27. Bxc6 bxc6 28. Bxh6 Re4 {[#]} (28... c5 $1 $11 {remains equal.} 29. Qd6 Qxb2) 29. Qc3 $1 $16 Re2 $2 (29... Qe6 $16) 30. Rd8+ $18 ({Much less strong is} 30. Qxc6 $6 Qb3 $16) 30... Kh7 {Strongly threatening ...Qb1+.} 31. Qd3+ {[%mdl 64] Double Attack} g6 $2 (31... Re4) 32. Qxe2 {And now Qe7! would win.White is clearly winning.} Kxh6 33. Qe5 Qb1+ 34. Kh2 {Accuracy: White = 63%, Black = 45%.} 1-0

[Event "86th BRA-ch 2019"]
[Site "Natal"]
[Date "2020.01.10"]
[Round "1.1"]
[White "Brito, Luismar"]
[Black "Macedo, Maximo Iack"]
[Result "1-0"]
[WhiteElo "2227"]
[BlackElo "2324"]
[Annotator "TA"]
[PlyCount "69"]
[EventDate "2020.01.05"]
[EventType "k.o."]
[EventCountry "BRA"]
[SourceTitle "playchess.com"]
[Source "ChessBase"]
[SourceQuality "1"]

{[%evp 9,69,-27,-21,-72,0,-9,20,-8,39,23,25,31,13,19,40,2,31,18,13,9,40,8,25,0,81,104,146,94,91,41,47,41,45,43,41,44,48,34,72,35,75,72,76,83,85,57,57,57,58,56,54,49,66,29,43,29,15,7,12,-52,-36,-71]} 1. Nc3 d5 2. d4 Nf6 3. Bf4 a6 4. Qd3 (4. e3 e6 5. Nf3 c5 6. Bd3 Nbd7 7. h3 b5 8. a3 Bb7 9. O-O Be7 10. dxc5 Nxc5 11. Ne2 O-O {½-½ (66) Lagarde,M (2657)-Fressinet,L (2633) Montagne 2019}) 4... e6 5. e4 c5 6. Nf3 {[#] D00: 1 d4 d5: Unusual lines} (6. exd5 $11 {keeps the balance.} cxd4 7. Qxd4) 6... c4 $146 (6... cxd4 $1 $17 7. Nxd4 Bb4) ({Predecessor:} 6... cxd4 7. Nxd4 Bb4 8. exd5 Nxd5 9. Bd2 Nxc3 10. Bxc3 Qa5 11. Be2 Bxc3+ 12. bxc3 {0-1 (31) Ejsing,E (2205)-Hynninen,J (2220) Novi Sad 2016}) 7. Qe3 $11 Be7 8. Be2 {The position is equal.} b5 9. exd5 exd5 10. Ne5 O-O 11. O-O Bf5 12. Bd1 Ne4 13. Nxe4 Bxe4 14. Qh3 Qb6 15. Be3 f6 16. Nf3 Bg6 (16... Nc6 $11) 17. Nh4 $16 Bf7 18. Nf5 (18. Bh6 $142) 18... Re8 19. Bf3 Bf8 20. c3 Nc6 {[%cal Bb8c6,Bc6e7,Be7c8,Bc8d6][%mdl 32]} 21. Bf4 b4 22. Qg3 Be6 23. Ne3 Ne7 24. Rfe1 (24. Bd6 $5 {[%cal Rd6e7]} Qc6 25. Bxb4 $16) 24... Bf7 25. Bd6 {[#] Black must now prevent Bxe7.} bxc3 26. bxc3 Qc6 27. h4 Rad8 28. Bc5 Nc8 29. Nf5 Bg6 30. Bxf8 Kxf8 31. Ne3 Be4 32. h5 Nd6 33. h6 {[%csl Gh6][%cal Rg3g7]} g6 34. Bg4 (34. Qf4 $11 Nf7 35. Ng4) 34... f5 $15 35. Qh4 {[%mdl 32768] Accuracy: White = 40%, Black = 56%. . Loss on time!?} 1-0

[Event "86th BRA-ch 2019"]
[Site "Natal"]
[Date "2020.01.10"]
[Round "1.1"]
[White "Jordao Barbosa, Marcio"]
[Black "Molina, Roberto Junio Brito"]
[Result "1/2-1/2"]
[WhiteElo "2181"]
[BlackElo "2431"]
[Annotator "TA"]
[PlyCount "70"]
[EventDate "2020.01.05"]
[EventType "k.o."]
[EventCountry "BRA"]
[SourceTitle "playchess.com"]
[Source "ChessBase"]
[SourceQuality "1"]

{[%evp 17,70,1,0,0,12,12,18,17,16,16,19,18,25,24,37,35,47,34,60,60,60,60,58,52,55,58,73,78,72,67,89,15,31,13,15,18,33,31,9,13,10,14,56,56,62,69,75,33,36,0,64,0,49,0,0]} 1. e4 e6 2. d4 d5 3. Nc3 Nf6 4. e5 Nfd7 5. f4 c5 6. Nf3 Nc6 7. Be3 a6 8. Qd2 b5 9. dxc5 Bxc5 10. Ne2 {C11: French: Classical System: 4 e5 and 4 Bg5 dxe4} Bxe3 (10... O-O 11. Ned4 Qb6 12. c3 b4 13. Bd3 a5 14. O-O Ba6 15. Kh1 Bxd3 16. Qxd3 Qa6 17. Qc2 bxc3 18. bxc3 {½-½ (31) Dominguez Perez,L (2739)-So,W (2788) Saint Louis 2017}) 11. Qxe3 Qa5+ 12. Qd2 Qxd2+ 13. Kxd2 Nc5 14. Ned4 Nxd4 15. Nxd4 f6 16. Bd3 fxe5 17. fxe5 Bd7 $146 ({Predecessor:} 17... O-O) 18. Rhf1 Ke7 19. Rf4 Raf8 20. Raf1 Rxf4 21. Rxf4 Be8 22. b4 Nb7 23. a4 Nd8 24. a5 ({Better is} 24. axb5 $16 axb5 25. Rf1 (25. Nxb5 Nc6 $11) (25. Bxb5 Bxb5 26. Nxb5 Nc6 $11)) 24... Nf7 $11 25. Rg4 g5 26. Rg3 Nxe5 27. Rxg5 Kf6 28. Rg3 Bg6 29. Nb3 Nd7 30. Rh3 Rc8 31. Bxg6 Kxg6 32. Rg3+ Kf7 33. Rh3 Kg6 34. Rg3+ (34. Rc3 $1 $14 Rc4 35. Rxc4 dxc4 36. Nc5 Nxc5 37. bxc5) 34... Kf6 35. Rh3 Kg6 $1 {Accuracy: White = 80%, Black = 55%.} 1/2-1/2

[Event "86th BRA-ch 2019"]
[Site "Natal"]
[Date "2020.01.10"]
[Round "1.1"]
[White "Pinto, Carlos Henrique Lope"]
[Black "Lima, Darcy"]
[Result "0-1"]
[WhiteElo "2135"]
[BlackElo "2534"]
[Annotator "TA"]
[PlyCount "76"]
[EventDate "2020.01.05"]
[EventType "k.o."]
[EventCountry "BRA"]
[SourceTitle "playchess.com"]
[Source "ChessBase"]
[SourceQuality "1"]

{[%evp 14,76,6,2,13,0,0,-7,-1,-31,-26,-22,-8,-38,-29,-37,-27,-81,-76,-118,-120,-144,-105,-130,-68,-67,-41,-35,22,-44,-42,-49,-42,-39,-37,-35,0,0,73,40,82,-29,21,20,23,-91,-76,-119,-41,-136,-150,-502,-502,-502,-501,-501,-498,-494,-494,-494,-483,-496,-471,-522,-519]} 1. d4 Nf6 2. c4 e6 3. Nf3 c5 4. g3 cxd4 5. Nxd4 Nc6 6. Nxc6 bxc6 7. Bg2 d5 8. O-O Be7 {D02: 1 d4 d5 2 Nf3 sidelines, including 2...Nf6 3 g3 and 2...Nf6 3 Bf4} 9. Nc3 (9. b3 O-O 10. Nd2 e5 11. Bb2 e4 12. Qc2 Bf5 13. Rad1 Qc8 14. Qc1 a5 15. f3 e3 16. Nb1 {1-0 (30) Frolyanov,D (2517)-Narva,M (2347) chess.com INT 2019}) 9... O-O 10. b3 Ba6 {The position is equal.} 11. cxd5 cxd5 12. Bb2 Qa5 $146 ({Predecessor:} 12... Rc8 13. Rc1 d4 14. Na4 Rxc1 15. Bxc1 e5 16. Qd2 {½-½ (37) Jedlicka,A (2249)-Ivanov,M (2388) Hradec Kralove 2014}) 13. a3 Rfc8 14. b4 Qd8 15. Qa4 (15. Re1 $11) 15... Bc4 $17 16. Rfd1 a5 {[#] White must now prevent ...axb4.} 17. b5 Qb6 18. Rab1 Bc5 (18... Nd7 $17 19. Rd2 Nc5) 19. e3 $15 Bxe3 20. fxe3 Qxe3+ 21. Kh1 Ng4 {( -> ...Nf2+)} 22. h3 Nf2+ {[%mdl 64] [#] Double Attack} 23. Kh2 Nxd1 24. Qxd1 a4 25. Qg4 Qh6 (25... f6 $1 $11 {keeps the balance.}) 26. Qd4 {[%mdl 1024] White has strong compensation.} Qg6 27. Rd1 (27. b6 $16 {b7 is the strong threat.} Rab8 28. Rc1 (28. Nxa4 f6 $16)) 27... Rcb8 28. b6 f6 {With the idea ...Ra6.} 29. Rd2 (29. Ne4 $11 Ra6 30. b7) 29... Ra6 $17 30. Qc5 Qe8 ({Black should try} 30... h5 $17 31. b7 Qe8) 31. b7 (31. Ne4 $1 $15) 31... Rxb7 32. Nxd5 $2 (32. Qf2 $17) 32... Bxd5 $19 {Black is clearly winning.} 33. Bxd5 exd5 34. Qxd5+ Rf7 35. Bc3 Re6 36. Qc4 h6 37. Ba5 {Strongly threatening Rd8.} Qc6 38. Rd8+ Rf8 {Accuracy: White = 25%, Black = 55%.} 0-1

[Event "86th BRA-ch 2019"]
[Site "Natal"]
[Date "2020.01.10"]
[Round "1.1"]
[White "Mourao, Igor A.C.Lofredo"]
[Black "Supi, Luis Paulo"]
[Result "0-1"]
[WhiteElo "2112"]
[BlackElo "2577"]
[Annotator "TA"]
[PlyCount "78"]
[EventDate "2020.01.05"]
[EventType "k.o."]
[EventCountry "BRA"]
[SourceTitle "playchess.com"]
[Source "ChessBase"]
[SourceQuality "1"]

{[%evp 15,78,-6,5,-12,-13,-28,-35,-34,-27,-34,-17,-20,-20,-82,-83,-73,-84,-92,-70,-167,-159,-168,-162,-166,-157,-166,-169,-148,-147,-150,-141,-146,-160,-208,-195,-208,-201,-167,-157,-175,-187,-171,-152,-174,-155,-246,-249,-242,-240,-242,-241,-350,-317,-352,-324,-309,-275,-275,-276,-275,-274,-275,-274,-386,-386]} 1. d4 Nf6 2. c4 e6 3. Nc3 Bb4 4. g3 O-O 5. Bg2 Bxc3+ 6. bxc3 d6 7. Nf3 Nc6 8. O-O e5 9. dxe5 {E20: Nimzo-Indian: 4 g3 and 4 f3} (9. Qa4 Bd7 10. Qa3 h6 11. Rd1 Re8 12. c5 e4 13. Ne1 d5 14. Nc2 b6 15. Ne3 Na5 16. Rb1 Be6 {0-1 (46) Xu,X (2583)-Le,Q (2694) Xingtai 2019}) 9... dxe5 10. Rb1 Rb8 $146 ({Predecessor:} 10... Qxd1 11. Rxd1 Rb8 12. Ng5 Bf5 13. e4 Bg6 14. f3 h6 15. Nh3 Rfd8 16. Be3 Nd7 {0-1 (60) Schaefer,M (2197)-Hamid,E (2171) Germany 2017}) 11. Nd2 {[#] Strongly threatening Bxc6.Black is slightly better.} Bf5 12. Rb2 e4 13. Nb3 Ne5 {aiming for ...Qxd1.} 14. Na5 (14. Qd4 $11 {remains equal.} Qxd4 15. Nxd4) 14... b6 $17 {Hoping for ...Qxd1.} 15. Bf4 Qxd1 ({Of course not} 15... bxa5 $6 16. Rxb8 Qxb8 17. Bxe5 $14) 16. Rxd1 Rfd8 $36 {[%mdl 2048] Black fights for an advantage.} 17. Rbd2 (17. Rdb1 $15 e3 18. Rf1) 17... Rxd2 $19 18. Rxd2 bxa5 19. Bxe5 {[#]} Nd7 $1 20. g4 (20. Bxc7 {is a self mate.} Rb1+ 21. Rd1 Rxd1+ 22. Bf1 Bh3 23. Bxa5 Rxf1#) 20... Rb1+ ({Don't do} 20... Nxe5 21. gxf5 Rb1+ 22. Bf1 $17) 21. Bf1 Bxg4 {( -> ...Bh3)} 22. Kg2 c5 23. Bc7 h5 24. f3 Be6 25. fxe4 a4 26. e3 Rc1 27. Kf2 Rxc3 28. e5 g6 29. Bg2 Nb6 30. Rd8+ (30. Bd5 $17) 30... Kg7 31. Bd5 Nxc4 32. Bxc4 Rxc4 {[%mdl 4096] Endgame KRB-KRB} 33. a3 (33. Rd2 {was worth a try.}) 33... g5 34. Bd6 Kg6 35. e4 Rxe4 36. Bxc5 Rxe5 37. Bxa7 Rf5+ 38. Kg1 Rf3 39. Bc5 (39. Rg8+ {might work better.} Kh6 40. h4) 39... Bh3 {Accuracy: White = 36%, Black = 89%.} 0-1

[Event "86th BRA-ch 2019"]
[Site "Natal"]
[Date "2020.01.11"]
[Round "1.2"]
[White "Supi, Luis Paulo"]
[Black "Mourao, Igor A.C.Lofredo"]
[Result "1/2-1/2"]
[WhiteElo "2577"]
[BlackElo "2112"]
[Annotator "TA"]
[PlyCount "27"]
[EventDate "2020.01.05"]
[EventType "k.o."]
[EventCountry "BRA"]
[SourceTitle "playchess.com"]
[Source "ChessBase"]
[SourceQuality "1"]

{[%evp 12,27,-4,-3,5,0,4,-23,-18,-23,-16,-33,2,0,-8,-8,-9,-32]} 1. c4 e5 2. d3 Nc6 3. Nf3 g6 4. Nc3 Bg7 5. g3 Nge7 6. Bg2 d6 7. Rb1 a5 {A26: English Opening vs King's Indian with ...Nc6 and d3} 8. a3 (8. O-O O-O 9. a3 h6 10. b4 axb4 11. axb4 Nf5 12. e3 Nce7 13. g4 e4 14. Nxe4 d5 15. cxd5 Nd6 16. h3 Nxd5 17. Bb2 Bxb2 18. Rxb2 Nxe4 19. dxe4 {½-½ (54) Dzagnidze,N (2570)-Khotenashvili,B (2504) Beijing 2014}) 8... Nd4 9. Nd2 c6 $146 {Black has an edge.} ({Predecessor:} 9... O-O 10. b4 axb4 11. axb4 f5 12. O-O Kh8 13. Bb2 h6 14. Ra1 Rxa1 15. Qxa1 {½-½ (59) Mandl,R (2425)-Wockenfuss,K (2315) Bayern 1996}) 10. b4 axb4 11. axb4 O-O 12. Bb2 {The position is equal.} f5 13. e3 Ne6 14. O-O 1/2-1/2

[Event "86th BRA-ch 2019"]
[Site "Natal"]
[Date "2020.01.11"]
[Round "1.2"]
[White "Lima, Darcy"]
[Black "Pinto, Carlos Henrique Lope"]
[Result "0-1"]
[WhiteElo "2534"]
[BlackElo "2135"]
[Annotator "TA"]
[PlyCount "70"]
[EventDate "2020.01.05"]
[EventType "k.o."]
[EventCountry "BRA"]
[SourceTitle "playchess.com"]
[Source "ChessBase"]
[SourceQuality "1"]

{[%evp 22,69,85,64,97,74,82,48,102,105,104,103,111,93,143,143,143,137,147,147,147,136,147,127,134,152,135,128,102,91,281,284,283,267,435,441,435,432,423,422,441,435,425,363,374,234,213,19,21,-29999]} 1. d4 Nf6 2. c4 g6 3. Nc3 Bg7 4. e4 d6 5. h3 O-O 6. Bg5 c5 7. d5 b5 8. cxb5 a6 9. bxa6 Bxa6 10. Bxa6 Rxa6 11. Nf3 Nbd7 12. O-O Qa5 $146 {E71: King's Indian: 4 e4 d6 5 h3} ({Predecessor:} 12... Qa8 13. Re1 Rb8 14. Rb1 Rab6 15. Qc2 Ne8 16. Bxe7 f6 17. e5 Nxe5 18. Nxe5 fxe5 19. Bg5 Nc7 20. Red1 {½-½ (54) Turna,S (2230)-Szegi,T (2225) Slovakia 2006}) 13. Re1 Rb8 14. Qc2 h6 (14... Ne8 $14) 15. Bd2 $16 Qb6 16. Rab1 Ne8 17. b3 Qa7 18. a4 Nc7 19. Nd1 {[%cal Bc3d1,Bd1e3,Be3c4][%mdl 32]} e6 {[#]} 20. dxe6 $1 Nxe6 21. Ne3 Qb7 22. Nc4 d5 23. exd5 Qxd5 24. a5 Nd4 25. Qd3 Rf6 $2 (25... Nxf3+ $16 26. Qxf3 Qxf3 27. gxf3 Nf8) 26. Nxd4 $18 cxd4 27. b4 Rc8 $2 {[#]} (27... h5 {was necessary.} 28. Rbc1 Re6 29. Rxe6 Qxe6) 28. Ne3 $1 {[%mdl 512]} Qd6 (28... dxe3 29. Qxd5) 29. Ng4 {[%mdl 64] Double Attack} Rf5 30. Bxh6 Ne5 31. Nxe5 Bxe5 32. Bd2 Bh2+ 33. Kf1 Bf4 {intending ...Bxd2.} 34. Bxf4 $2 ({White should try} 34. Rec1 $18 Rb8 35. Kg1) 34... Qxf4 $11 {[%csl Gf5][%cal Rf4f2]} 35. g3 $2 {[%mdl 8192] Accuracy: White = 53%, Black = 36%.} (35. Re2 $11 Rc1+ 36. Rxc1 Qxc1+ 37. Re1) 35... Qxf2# 0-1